| 000 | 00725naa a2200193 4500 | ||
|---|---|---|---|
| 999 |
_c371555 _d371555 |
||
| 001 | 19954 | ||
| 003 | OSt | ||
| 005 | 20220408130225.0 | ||
| 007 | tu | ||
| 008 | 190527|||||||||||| ger | ||
| 040 |
_aDE-2950 _cDE-2950 |
||
| 245 | 0 | 0 |
_aEin Soldatenschicksal in Brandenburg - zum Gedenken an den 8. Mai 1945 / _cLutz Fahron |
| 260 | _c2021 | ||
| 490 |
_aMitteilungen Historischer Verein zu Frankfurt (Oder) e.V.; _vH. 1. 2021 |
||
| 546 | _adeutsch | ||
| 653 | _aFranke, Max Walter ; Wachtmeister, Oberleutnant, 07.04.1892 in Frankfurt (Oder) - 08.05.1945 in Christinendorf | ||
| 773 | 0 |
_dFrankfurt (Oder) _gHeft 1/2021, S. 15-21 _tMitteilungen Historischer Verein zu Frankfurt (Oder) e. V _w11310 |
|
| 942 |
_2z _cA |
||